Kraje europy z największą PKB na osobę (2018-2016) - Statystyki

Ogólne statystyki
  • Ten quiz został rozwiązany 66 razy
  • Średni wynik to 29 z 35
Statystyki odpowiedzi
Ranking PKB na osobę Państwo % Poprawnych
#34 $ 15 421 Polska
98%
#18 $ 42 944 Wielka Brytania
98%
#30 $ 19 443 Słowacja
95%
#28 $ 23 079 Czechy
93%
#20 $ 41 464 Francja
93%
#22 $ 30 371 Hiszpania
93%
#16 $ 47 603 Niemcy
93%
#5 $ 81 697 Norwegia
93%
#26 $ 23 408 Portugalia
93%
#17 $ 47 519 Belgia
90%
#27 $ 23 266 Estonia
90%
#12 $ 53 024 Holandia
90%
#7 $ 78 806 Irlandia
90%
#31 $ 19 153 Litwa
90%
#32 $ 17 861 Łotwa
90%
#19 $ 42 030 Andora
88%
#9 $ 61 350 Dania
88%
#8 $ 73 191 Islandia
88%
#3 $ 116 640 Luksemburg
88%
#1 $ 185 741 Monako
88%
#4 $ 82 797 Szwajcaria
88%
#11 $ 54 608 Szwecja
88%
#13 $ 51 462 Austria
86%
#14 $ 50 152 Finlandia
86%
#29 $ 20 324 Grecja
83%
#33 $ 16 162 Węgry
83%
#21 $ 34 483 Włochy
83%
#2 $ 165 028 Liechtenstein
81%
#15 $ 48 495 San Marino
81%
#35 $ 14 910 Chorwacja
79%
#25 $ 26 124 Słowenia
74%
#23 $ 30 098 Malta
69%
#24 $ 28 159 Cypr
40%
#10 $ 55 823 Wyspy Owcze
14%
#6 $ 80 989 Wyspy Man
2%
Nie znaleziono quizów pasujących do podanych kryteriów
Rozkład punktacji
Procent ludzi z każdym wynikiem
Percentyl według liczby udzielonych odpowiedzi
Twoja historia wyników
Nie rozwiązałeś tego quizu